| 000 | 00561nam a22001937a 4500 | ||
|---|---|---|---|
| 005 | 20260519110550.0 | ||
| 010 | _aENG-148530 | ||
| 020 |
_a9789364445962 _c375.00 |
||
| 035 | _aEN-132062 | ||
| 037 | _bDBAD | ||
| 082 |
_210 _a330 |
||
| 100 | _aKaruppiah, Sankarganesh | ||
| 245 |
_aIndian Economy Key Concepts/ _cSankarganesh Karuppiah |
||
| 250 | _a10 | ||
| 260 |
_aChennai _bMcGraw Hill _c2026 |
||
| 270 |
_a5/90 A, Butt Road, St. Thomas Mount _bChennai _e600016 |
||
| 300 |
_a203p. _c24cm(pb) _bIndex |
||
| 942 |
_2ddc _cEN _h330 _mKAR _e10 |
||
| 999 |
_c216260 _d216260 |
||